[Event "Saint Affrique op 21st"]
[Site "Saint Affrique"]
[Date "2013.07.22"]
[Round "4"]
[White "Billon, Olivier"]
[Black "Flear, Glenn C"]
[Result "0-1"]
[WhiteElo "2257"]
[BlackElo "2456"]
[PlyCount "82"]
[EventDate "2013.07.20"]
[EventType "swiss"]
[EventRounds "9"]
[EventCountry "FRA"]
[SourceTitle "EXT 2014"]
[Source "ChessBase"]
[SourceDate "2013.11.20"]
[SourceVersion "1"]
[SourceVersionDate "2013.11.20"]
[SourceQuality "1"]

1. e4 e5 2. Nf3 Nc6 3. Nc3 Nf6 4. Bb5 Bc5 5. 0-0 0-0 6. Nxe5 Nxe5 7. d4 Bd6 8. f4 Neg4 9. e5 Be7 10. Be2 d6 11. exf6 Nxf6 12. d5 Re8 13. Bf3 Bf8 14. g4 c6 15. h3 Bd7 16. Qd3 Nxd5 17. Bxd5 cxd5 18. Nxd5 Bc6 19. c4 Bxd5 20. cxd5 Qb6+ 21. Kg2 Rac8 22. Kf3 g6 23. Rf2 Bg7 24. Be3 Rxe3+ 25. Qxe3 Bd4 26. Qd2 Bxf2 27. Qxf2 Qxf2+ 28. Kxf2 Rc2+ 29. Kf3 Rxb2 30. g5 Kg7 31. a4 Rb3+ 32. Ke4 Rb4+ 33. Ke3 a5 34. h4 h5 35. Ra3 b5 36. axb5 Rxb5 37. Rd3 a4 38. Ke4 Ra5 39. Ra3 Kf8 40. Kd4 Ke7 41. Kc3 Kd7 0-1

[Event "Creon op 17th"]
[Site "Creon"]
[Date "2012.07.31"]
[Round "3"]
[White "Billon, Olivier"]
[Black "Santos Latasa, Jaime"]
[Result "0-1"]
[WhiteElo "2229"]
[BlackElo "2399"]
[PlyCount "78"]
[EventDate "2012.07.30"]
[EventType "swiss"]
[EventRounds "9"]
[EventCountry "FRA"]
[SourceTitle "CBM 149 Extra"]
[Source "ChessBase"]
[SourceDate "2012.08.24"]
[SourceVersion "1"]
[SourceVersionDate "2012.08.24"]
[SourceQuality "1"]

1. e4 c5 2. Nf3 e6 3. Nc3 a6 4. d4 cxd4 5. Nxd4 Qc7 6. f4 b5 7. Qf3 Bb7 8. Bd3 Nf6 9. Be3 Bb4 10. 0-0 0-0 11. f5 Nc6 12. Kh1 Bd6 13. a3 Be5 14. Nde2 Rad8 15. Qh3 Na5 16. Bg5 Nc4 17. Bxf6 Bxf6 18. fxe6 dxe6 19. e5 Rxd3 20. cxd3 Nxe5 21. Qg3 Qe7 22. Nf4 Nd7 23. Rae1 Bxc3 24. bxc3 Qxa3 25. d4 Qd6 26. Qe3 Rc8 27. Qd3 h6 28. Re3 Nf6 29. Kg1 Qc6 30. Qe2 Rd8 31. Re1 Rd6 32. Qd2 Qc7 33. h3 Rc6 34. Rg3 Rc4 35. Qc1 b4 36. Re5 Rxd4 37. Nxe6 fxe6 38. Qxh6 Rd1+ 39. Kh2 Ng4+ 0-1

[Event "Paris-ch op-A 87th"]
[Site "Paris"]
[Date "2012.07.08"]
[Round "2"]
[White "Billon, Olivier"]
[Black "Song, Julien"]
[Result "0-1"]
[WhiteElo "2229"]
[BlackElo "2398"]
[PlyCount "96"]
[EventDate "2012.07.07"]
[EventType "swiss"]
[EventRounds "9"]
[EventCountry "FRA"]
[SourceTitle "CBM 149 Extra"]
[Source "ChessBase"]
[SourceDate "2012.08.24"]
[SourceVersion "1"]
[SourceVersionDate "2012.08.24"]
[SourceQuality "1"]

1. e4 e6 2. d4 d5 3. Nc3 Nf6 4. Bg5 dxe4 5. Nxe4 Be7 6. Bxf6 gxf6 7. Nf3 f5 8. Nc3 a6 9. Qd2 b5 10. 0-0-0 Qd6 11. Qh6 Nd7 12. Bd3 b4 13. Ne2 Bb7 14. Ng3 0-0-0 15. Kb1 Rhg8 16. d5 exd5 17. Qxh7 Bf6 18. Bxf5 Kb8 19. Bxd7 Qxd7 20. Ne4 Qe7 21. Nxf6 Qxf6 22. Qh4 Qxh4 23. Nxh4 d4 24. Rhg1 c5 25. f3 Rh8 26. g3 Bd5 27. b3 Kc7 28. Rge1 a5 29. Re7+ Rd7 30. Rde1 Be6 31. Rxd7+ Kxd7 32. f4 a4 33. Re5 Kc6 34. Kb2 Rd8 35. Nf5 d3 36. cxd3 Rxd3 37. bxa4 Rd2+ 38. Kc1 Rxh2 39. g4 Rxa2 40. a5 Rxa5 41. Nd4+ Kd6 42. Nxe6 fxe6 43. g5 Ra2 44. Re3 Rf2 45. Re4 b3 46. Kb1 Kd5 47. Re5+ Kd4 48. g6 c4 0-1

[Event "FRA-ch U20"]
[Site "Nimes"]
[Date "2012.04.18"]
[Round "6"]
[White "Billon, Olivier"]
[Black "Bouget, Alexandre"]
[Result "1-0"]
[WhiteElo "2237"]
[BlackElo "2176"]
[PlyCount "95"]
[EventDate "2012.04.14"]
[EventType "swiss"]
[EventRounds "9"]
[EventCountry "FRA"]
[SourceTitle "CBM 148 Extra"]
[Source "ChessBase"]
[SourceDate "2012.06.22"]
[SourceVersion "1"]
[SourceVersionDate "2012.06.22"]
[SourceQuality "1"]

1. e4 e5 2. Nf3 Nc6 3. Nc3 Nf6 4. Bb5 Nd4 5. Ba4 c6 6. Nxe5 d6 7. Nf3 Bg4 8. d3 Nd7 9. Be3 Nxf3+ 10. gxf3 Bh5 11. d4 Qf6 12. Rg1 Bxf3 13. Qd3 h6 14. Rg3 Bh5 15. Ne2 g5 16. 0-0-0 0-0-0 17. Bxc6 bxc6 18. Qa6+ Kb8 19. Bxg5 Qxg5+ 20. Rxg5 hxg5 21. Rg1 Bxe2 22. Qxe2 Bg7 23. Qc4 Nb6 24. Qxc6 Bxd4 25. a4 Be5 26. a5 Rc8 27. Qb5 Rc5 28. Qb4 Rhc8 29. c3 Rc4 30. Qb3 Bxc3 31. axb6 Bd4+ 32. Kb1 axb6 33. Rxg5 Rc1+ 34. Ka2 R1c2 35. Ka3 Rxf2 36. Rb5 Rxb2 37. Rxb6+ Ka7 38. Qa4+ Kxb6 39. Qxd4+ Kc6 40. Qd5+ Kc7 41. Kxb2 Rf8 42. e5 Rb8+ 43. Kc3 dxe5 44. Qxe5+ Kc8 45. Qxb8+ Kxb8 46. h4 Kc7 47. h5 Kd7 48. h6 1-0

[Event "FRA-ch Accession"]
[Site "Caen"]
[Date "2011.08.24"]
[Round "8"]
[White "Jablonski, Noham"]
[Black "Billon, Olivier"]
[Result "1-0"]
[WhiteElo "2277"]
[BlackElo "2149"]
[PlyCount "45"]
[EventDate "2011.08.16"]
[EventType "swiss"]
[EventRounds "11"]
[EventCountry "FRA"]
[SourceTitle "CBM 144 Extra"]
[Source "ChessBase"]
[SourceDate "2011.10.28"]
[SourceVersion "1"]
[SourceVersionDate "2011.10.28"]
[SourceQuality "1"]

1. e4 c5 2. Nf3 Nc6 3. Bb5 Nf6 4. Bxc6 dxc6 5. d3 Bg4 6. h3 Bh5 7. Nc3 Nd7 8. g4 Bg6 9. Bf4 c4 10. d4 Qa5 11. Qe2 e6 12. Nd2 b5 13. a4 h5 14. g5 e5 15. dxe5 Bb4 16. 0-0 Bxc3 17. axb5 Qxb5 18. bxc3 Nxe5 19. Rfb1 Qc5 20. Qe3 Qe7 21. Bxe5 Qxe5 22. Nxc4 Qe6 23. Qc5 1-0

[Event "Creon op 16th"]
[Site "Creon"]
[Date "2011.08.03"]
[Round "4"]
[White "Billon, Olivier"]
[Black "Rives, Sylvain"]
[Result "1-0"]
[WhiteElo "2149"]
[BlackElo "1611"]
[PlyCount "47"]
[EventDate "2011.08.01"]
[EventType "swiss"]
[EventRounds "9"]
[EventCountry "FRA"]
[SourceTitle "CBM 143 Extra"]
[Source "ChessBase"]
[SourceDate "2011.08.29"]
[SourceVersion "1"]
[SourceVersionDate "2011.08.29"]
[SourceQuality "1"]

1. e4 e5 2. Nf3 Nc6 3. Bb5 Nf6 4. 0-0 d6 5. d4 a6 6. Bxc6+ bxc6 7. Nc3 Bg4 8. dxe5 Bxf3 9. Qxf3 dxe5 10. Qg3 Qd6 11. Be3 Nd7 12. Rad1 Qf6 13. Qg4 Bd6 14. Na4 Rb8 15. b3 h6 16. Rd2 Rd8 17. Qe2 Qg6 18. f3 Ra8 19. Qc4 Be7 20. Rfd1 Nb6 21. Bxb6 cxb6 22. Nxb6 Rb8 23. Nd7 Rb4 24. Nxe5 1-0

[Event "FRA-ch U18"]
[Site "Montlucon"]
[Date "2011.04.17"]
[Round "1"]
[White "Billon, Olivier"]
[Black "Perrin, Florian"]
[Result "1-0"]
[WhiteElo "2192"]
[BlackElo "1781"]
[PlyCount "59"]
[EventDate "2011.04.17"]
[EventType "swiss"]
[EventRounds "9"]
[EventCountry "FRA"]
[SourceTitle "CBM 142 Extra"]
[Source "ChessBase"]
[SourceDate "2011.06.27"]
[SourceVersion "1"]
[SourceVersionDate "2011.06.27"]
[SourceQuality "1"]

1. e4 c5 2. Nf3 d6 3. d4 cxd4 4. Nxd4 Nf6 5. Nc3 g6 6. f3 Bg7 7. Be3 0-0 8. Qd2 Nc6 9. Bc4 a6 10. 0-0-0 Nxd4 11. Bxd4 b5 12. Bb3 Bd7 13. Nd5 Ne8 14. Bb6 Qb8 15. Nxe7+ Kh8 16. Bd4 Qd8 17. Bxg7+ Kxg7 18. Qd4+ f6 19. Nd5 Rb8 20. h4 a5 21. Nf4 a4 22. Be6 Qc8 23. Qa7 Rb7 24. Qa6 Kh8 25. h5 g5 26. Ng6+ hxg6 27. hxg6+ Kg7 28. Rh7+ Kxg6 29. Rdh1 Ra7 30. R1h6# 1-0

[Event "La Fere op"]
[Site "La Fere"]
[Date "2010.07.10"]
[Round "9"]
[White "Pisk, Petr"]
[Black "Billon, Olivier"]
[Result "1-0"]
[WhiteElo "2346"]
[BlackElo "2084"]
[PlyCount "43"]
[EventDate "2010.07.03"]
[EventType "swiss"]
[EventRounds "9"]
[EventCountry "FRA"]
[SourceTitle "CBM 137 Extra"]
[Source "ChessBase"]
[SourceDate "2010.09.01"]
[SourceVersion "1"]
[SourceVersionDate "2010.09.01"]
[SourceQuality "1"]

1. e4 c5 2. Nf3 Nc6 3. Bb5 d6 4. 0-0 Bd7 5. c3 Nf6 6. Re1 a6 7. Ba4 b5 8. Bc2 Bg4 9. d3 Bxf3 10. Qxf3 g6 11. Qd1 Qb6 12. a4 b4 13. a5 Nxa5 14. cxb4 Nc6 15. bxc5 dxc5 16. Nc3 Nd7 17. Nd5 Qd8 18. Bf4 Rc8 19. Rxa6 Bg7 20. Ba4 Ncb8 21. Bxb8 Rxb8 22. Ra7 1-0

[Event "La Fere op"]
[Site "La Fere"]
[Date "2010.07.08"]
[Round "7"]
[White "Ben Porat, Tal"]
[Black "Billon, Olivier"]
[Result "0-1"]
[WhiteElo "1849"]
[BlackElo "2084"]
[PlyCount "56"]
[EventDate "2010.07.03"]
[EventType "swiss"]
[EventRounds "9"]
[EventCountry "FRA"]
[SourceTitle "CBM 137 Extra"]
[Source "ChessBase"]
[SourceDate "2010.09.01"]
[SourceVersion "1"]
[SourceVersionDate "2010.09.01"]
[SourceQuality "1"]

1. e4 c5 2. Ne2 Nc6 3. Nbc3 Nf6 4. g3 d5 5. exd5 Nd4 6. Bg2 Bg4 7. 0-0 Nxd5 8. f3 Bf5 9. Nxd4 cxd4 10. Nxd5 Qxd5 11. f4 Qd7 12. Qf3 Rc8 13. Qxb7 Qxb7 14. Bxb7 Rxc2 15. Ba6 h5 16. d3 h4 17. Rf2 Rxf2 18. Kxf2 hxg3+ 19. hxg3 Rh2+ 20. Kg1 Rc2 21. Bc4 e6 22. a3 a5 23. b3 Bc5 24. Rb1 Ke7 25. Ra1 Kf6 26. b4 axb4 27. a4 Bb6 28. Rb1 Rxc4 0-1

[Event "FRA-ch U18"]
[Site "Troyes"]
[Date "2010.04.16"]
[Round "7"]
[White "Billon, Olivier"]
[Black "Ollier, Pablo"]
[Result "0-1"]
[WhiteElo "2084"]
[BlackElo "2294"]
[PlyCount "70"]
[EventDate "2010.04.11"]
[EventType "swiss"]
[EventRounds "9"]
[EventCountry "FRA"]
[SourceTitle "EXT 2012"]
[Source "ChessBase"]
[SourceDate "2011.11.24"]
[SourceVersion "1"]
[SourceVersionDate "2011.11.24"]
[SourceQuality "1"]

1. e4 e5 2. Nf3 Nc6 3. Bb5 a6 4. Ba4 d6 5. c3 f5 6. exf5 Bxf5 7. d4 e4 8. Qe2 Be7 9. Nfd2 d5 10. Nf1 Nf6 11. Nbd2 0-0 12. Ne3 Be6 13. 0-0 Qe8 14. Bd1 Bd6 15. f4 Ne7 16. g4 g6 17. Rf2 Kh8 18. Ndf1 Qd7 19. h3 Rf7 20. Ng2 Raf8 21. f5 gxf5 22. g5 Ne8 23. Bf4 Ng6 24. Nfe3 Ng7 25. h4 Bxf4 26. Rxf4 Qd6 27. Qf2 Bd7 28. h5 Nxf4 29. Nxf4 Ne6 30. Neg2 Nxg5 31. Qh4 Rg7 32. Kh1 c6 33. Ne3 Qh6 34. Qf2 Nf3 35. Bxf3 Qxf4 0-1

[Event "Lille Luce op 1st"]
[Site "Lille"]
[Date "2010.04.05"]
[Round "4"]
[White "Billon, Olivier"]
[Black "Wolfangel, Claude"]
[Result "1-0"]
[WhiteElo "2084"]
[BlackElo "1762"]
[PlyCount "37"]
[EventDate "2010.04.03"]
[EventType "swiss"]
[EventRounds "9"]
[EventCountry "FRA"]
[SourceTitle "EXT 2011"]
[Source "ChessBase"]
[SourceDate "2010.11.26"]
[SourceVersion "1"]
[SourceVersionDate "2010.11.26"]
[SourceQuality "1"]

1. e4 d5 2. exd5 Nf6 3. d4 Nxd5 4. Nf3 g6 5. c4 Nb6 6. Nc3 Bg7 7. c5 Nd5 8. Bc4 c6 9. Qb3 e6 10. 0-0 0-0 11. Bg5 Bf6 12. Bh6 Bg7 13. Bxg7 Kxg7 14. Ne4 b5 15. Bxd5 exd5 16. Nd6 Nd7 17. Rfe1 f6 18. Re2 Qc7 19. Re7+ 1-0

[Event "Le Touquet op-A 24th"]
[Site "Le Touquet"]
[Date "2009.10.27"]
[Round "5"]
[White "Billon, Olivier"]
[Black "Giua, Frederic"]
[Result "0-1"]
[WhiteElo "2062"]
[BlackElo "2222"]
[PlyCount "116"]
[EventDate "2009.10.24"]
[EventType "swiss"]
[EventRounds "9"]
[EventCountry "FRA"]
[SourceTitle "EXT 2010"]
[Source "ChessBase"]
[SourceDate "2010.11.25"]
[SourceVersion "1"]
[SourceVersionDate "2010.11.25"]
[SourceQuality "1"]

1. e4 c5 2. Nf3 g6 3. Nc3 Bg7 4. d4 cxd4 5. Nxd4 d6 6. Be3 Nf6 7. f3 0-0 8. Qd2 Nc6 9. Bc4 Bd7 10. 0-0-0 Rb8 11. Bb3 Na5 12. g4 b5 13. Kb1 Nc4 14. Bxc4 bxc4 15. Ka1 Bxg4 16. fxg4 Nxg4 17. Nc6 Qc7 18. Nxb8 Nxe3 19. Qxe3 Rxb8 20. Rb1 e6 21. Ne2 Qa5 22. c3 Rb6 23. Rbd1 Ra6 24. Nc1 Be5 25. Rhf1 Qc7 26. h4 f6 27. Qh3 Kf7 28. Ne2 Qb7 29. Nd4 Qd7 30. Nf3 Bf4 31. Nd2 Qa4 32. a3 Qc2 33. Nxc4 Qxe4 34. Qd3 Qxd3 35. Rxd3 g5 36. hxg5 fxg5 37. Rxd6 Rxd6 38. Nxd6+ Kf6 39. Kb1 h5 40. Kc2 h4 41. Kd3 h3 42. Ke4 h2 43. Nc4 Kg6 44. Ne5+ Kh5 45. c4 Bxe5 46. Kxe5 g4 47. Rh1 g3 48. Kf4 Kh4 49. Kf3 Kh3 50. Rd1 e5 51. c5 g2 52. Rd8 e4+ 53. Kxe4 g1Q 54. Rh8+ Kg3 55. Kd5 h1Q+ 56. Rxh1 Qxh1+ 57. Kd6 Qh6+ 58. Kd5 Qd2+ 0-1

[Event "Le Touquet op-A 24th"]
[Site "Le Touquet"]
[Date "2009.10.26"]
[Round "3"]
[White "Billon, Olivier"]
[Black "Payen, Arnaud"]
[Result "0-1"]
[WhiteElo "2062"]
[BlackElo "2356"]
[PlyCount "74"]
[EventDate "2009.10.24"]
[EventType "swiss"]
[EventRounds "9"]
[EventCountry "FRA"]
[SourceTitle "EXT 2010"]
[Source "ChessBase"]
[SourceDate "2010.11.25"]
[SourceVersion "1"]
[SourceVersionDate "2010.11.25"]
[SourceQuality "1"]

1. e4 e5 2. Nf3 Nc6 3. Bb5 a6 4. Ba4 Nf6 5. 0-0 Be7 6. Re1 b5 7. Bb3 d6 8. h3 Na5 9. c3 Nxb3 10. Qxb3 Bb7 11. d3 0-0 12. a4 Bc6 13. axb5 axb5 14. Na3 Qb8 15. Bg5 h6 16. Be3 Re8 17. Nc2 Qb7 18. Kh2 Bf8 19. g4 d5 20. g5 dxe4 21. Rxa8 Qxa8 22. gxf6 exd3 23. fxg7 Bd6 24. Nh4 Bd5 25. c4 Bxc4 26. Qc3 Qe4 27. Bg5 Qd5 28. Kg1 hxg5 29. Ne3 Qd4 30. Nhf5 Qxc3 31. bxc3 Be6 32. Ng4 Bxf5 33. Nf6+ Kxg7 34. Nxe8+ Kf8 35. Nxd6 cxd6 36. Kh2 Be6 37. Kg3 Bb3 0-1

[Event "FRA-ch op-A"]
[Site "Nimes"]
[Date "2009.08.21"]
[Round "10"]
[White "Loiseau, Quentin"]
[Black "Billon, Olivier"]
[Result "1/2-1/2"]
[WhiteElo "2093"]
[BlackElo "1991"]
[PlyCount "61"]
[EventDate "2009.08.11"]
[EventType "swiss"]
[EventRounds "11"]
[EventCountry "FRA"]
[SourceTitle "CBM 132 Extra"]
[Source "ChessBase"]
[SourceDate "2009.11.03"]
[SourceVersion "1"]
[SourceVersionDate "2009.11.03"]
[SourceQuality "1"]

1. c4 e6 2. d4 d5 3. Nc3 c6 4. e3 Nf6 5. Nf3 Nbd7 6. Bd3 dxc4 7. Bxc4 b5 8. Bd3 a6 9. e4 c5 10. e5 cxd4 11. Nxb5 axb5 12. exf6 gxf6 13. 0-0 Qb6 14. Qe2 Bb7 15. Bxb5 Bd6 16. Rd1 Rg8 17. g3 Rg4 18. Bf4 Bxf4 19. Nxd4 h5 20. Nxe6 fxe6 21. Rxd7 Kf8 22. Qd3 Bxg3 23. hxg3 h4 24. Rd6 Qc5 25. b4 Qe5 26. Rd8+ Rxd8 27. Qxd8+ Kg7 28. Qe7+ Kh6 29. Qf8+ Rg7 30. Qh8+ Rh7 31. Qf8+ 1/2-1/2

[Event "FRA-ch op-A"]
[Site "Nimes"]
[Date "2009.08.19"]
[Round "8"]
[White "Guignier, Nicolas"]
[Black "Billon, Olivier"]
[Result "0-1"]
[WhiteElo "2146"]
[BlackElo "1991"]
[PlyCount "82"]
[EventDate "2009.08.11"]
[EventType "swiss"]
[EventRounds "11"]
[EventCountry "FRA"]
[SourceTitle "CBM 132 Extra"]
[Source "ChessBase"]
[SourceDate "2009.11.03"]
[SourceVersion "1"]
[SourceVersionDate "2009.11.03"]
[SourceQuality "1"]

1. e4 c5 2. c3 Nf6 3. e5 Nd5 4. d4 cxd4 5. Nf3 Nc6 6. Bc4 Nb6 7. Bb3 g6 8. Ng5 d5 9. exd6 e6 10. Ne4 Bg7 11. cxd4 0-0 12. Nbc3 f5 13. Bg5 Qe8 14. Nd2 h6 15. Bf4 Nxd4 16. Nf3 Nxb3 17. Qxb3 Qc6 18. 0-0 Nc4 19. Rad1 g5 20. Nd4 Qa6 21. Bc1 Bd7 22. Ncb5 Na5 23. Qb4 Nc6 24. Nxc6 Qxc6 25. Be3 Qxb5 26. Qd2 e5 27. f3 Be6 28. b3 Rfd8 29. Qb2 Rd7 30. Rd2 b6 31. Rfd1 Rc8 32. Qb1 Qc6 33. Rd3 Qb5 34. a4 Qc6 35. Rc1 Qb7 36. Rcd1 e4 37. fxe4 Qxe4 38. Bf2 Qc6 39. h4 Rcd8 40. Rc1 Qb7 41. Rcd1 Qb8 0-1

[Event "FRA-ch op-A"]
[Site "Nimes"]
[Date "2009.08.16"]
[Round "6"]
[White "Benmesbah, Natacha"]
[Black "Billon, Olivier"]
[Result "0-1"]
[WhiteElo "2151"]
[BlackElo "1991"]
[PlyCount "66"]
[EventDate "2009.08.11"]
[EventType "swiss"]
[EventRounds "11"]
[EventCountry "FRA"]
[SourceTitle "CBM 132 Extra"]
[Source "ChessBase"]
[SourceDate "2009.11.03"]
[SourceVersion "1"]
[SourceVersionDate "2009.11.03"]
[SourceQuality "1"]

1. e4 c5 2. Nf3 Nc6 3. Bb5 d6 4. 0-0 Bd7 5. c3 a6 6. Ba4 b5 7. Bc2 Bg4 8. h3 Bxf3 9. Qxf3 e5 10. a4 Rb8 11. axb5 axb5 12. d3 Nf6 13. Re1 Be7 14. Nd2 0-0 15. Nf1 Re8 16. Ng3 g6 17. Be3 b4 18. Ba4 Qc7 19. d4 cxd4 20. cxd4 exd4 21. Bxc6 Qxc6 22. Bxd4 Nd7 23. Rec1 Qb5 24. Nf5 Bf8 25. Qf4 Ne5 26. Nh6+ Bxh6 27. Qxh6 Rbc8 28. Rd1 Rc2 29. Rf1 Rec8 30. Rad1 Re2 31. b3 Rxe4 32. Rd2 Qxf1+ 33. Kh2 Rg4 0-1

[Event "FRA-ch U16"]
[Site "Aix les Bains"]
[Date "2009.04.26"]
[Round "9"]
[White "Meley, Hector"]
[Black "Billon, Olivier"]
[Result "0-1"]
[WhiteElo "1889"]
[BlackElo "1995"]
[PlyCount "84"]
[EventDate "2009.04.19"]
[EventType "swiss"]
[EventRounds "9"]
[EventCountry "FRA"]
[SourceTitle "CBM 130 Extra"]
[Source "ChessBase"]
[SourceDate "2009.07.02"]
[SourceVersion "2"]
[SourceVersionDate "2009.07.15"]
[SourceQuality "1"]

1. d4 Nf6 2. Nf3 g6 3. c4 Bg7 4. Nc3 0-0 5. e4 d6 6. Be2 e5 7. 0-0 Nc6 8. d5 Ne7 9. Ne1 Nd7 10. Be3 f5 11. f3 f4 12. Bf2 g5 13. b4 a5 14. Qb3 Nf6 15. c5 Ng6 16. bxa5 g4 17. cxd6 cxd6 18. Qb6 Qe7 19. Rc1 g3 20. hxg3 Nh5 21. gxf4 Ngxf4 22. Bb5 Qg5 23. Rc2 Bf6 24. Ne2 Nxg2 25. Nxg2 Bh3 26. Ng3 Nxg3 27. Be3 Qg6 28. Rfc1 Nh5 29. Kh1 Rac8 30. Bf1 Ng3+ 31. Kg1 Nxf1 32. Kxf1 Rxc2 33. Rxc2 Bd8 34. Qb3 Rxf3+ 35. Kg1 Rg3 36. Qb2 Rxe3 37. Qxb7 Qg3 38. Qb4 Kh8 39. Kf1 Rd3 40. Qe1 Bxg2+ 41. Rxg2 Rf3+ 42. Rf2 Rxf2+ 0-1

[Event "FRA-ch op-A"]
[Site "Pau"]
[Date "2008.08.14"]
[Round "3"]
[White "Forestier, Carole"]
[Black "Billon, Olivier"]
[Result "0-1"]
[WhiteElo "2067"]
[BlackElo "1999"]
[PlyCount "72"]
[EventDate "2008.08.11"]
[EventType "swiss"]
[EventRounds "9"]
[EventCountry "FRA"]
[SourceTitle "CBM 126 Extra"]
[Source "ChessBase"]
[SourceDate "2008.11.05"]
[SourceVersion "1"]
[SourceVersionDate "2008.11.05"]
[SourceQuality "1"]

1. d4 Nf6 2. c4 g6 3. Nc3 Bg7 4. e4 d6 5. f4 c5 6. d5 0-0 7. Nf3 e6 8. Be2 exd5 9. cxd5 Bg4 10. 0-0 Nbd7 11. Re1 Re8 12. h3 Bxf3 13. Bxf3 Qa5 14. a4 c4 15. Be3 Nc5 16. Bxc5 Qxc5+ 17. Kh1 Nd7 18. Rc1 Qb4 19. Re2 Rac8 20. Bg4 Rcd8 21. Nb5 Nc5 22. Qc2 a6 23. Na3 c3 24. Rce1 Qxb2 25. Qxb2 cxb2 26. a5 Bc3 27. Rd1 Rxe4 28. Rc2 Bg7 29. f5 Rde8 30. Rf2 Ra4 31. Nb1 Ne4 32. Rf3 Ra1 33. Rdf1 Nc3 34. fxg6 hxg6 35. Rxf7 Rxb1 36. Be6 Rxf1+ 0-1

[Event "FRA-ch op-A"]
[Site "Pau"]
[Date "2008.08.12"]
[Round "1"]
[White "Suez Panama, Gilles"]
[Black "Billon, Olivier"]
[Result "0-1"]
[WhiteElo "2093"]
[BlackElo "1999"]
[PlyCount "80"]
[EventDate "2008.08.11"]
[EventType "swiss"]
[EventRounds "9"]
[EventCountry "FRA"]
[SourceTitle "CBM 126 Extra"]
[Source "ChessBase"]
[SourceDate "2008.11.05"]
[SourceVersion "1"]
[SourceVersionDate "2008.11.05"]
[SourceQuality "1"]

1. d4 Nf6 2. Nf3 g6 3. c4 Bg7 4. Nc3 0-0 5. e4 d6 6. Be2 e5 7. 0-0 Nc6 8. d5 Ne7 9. b4 Nh5 10. Re1 f5 11. Ng5 Nf6 12. Bf3 c6 13. Be3 h6 14. Ne6 Bxe6 15. dxe6 fxe4 16. Nxe4 Nxe4 17. Bxe4 d5 18. cxd5 cxd5 19. Bc2 d4 20. Bc1 Qb6 21. Qd3 Rac8 22. Bd2 Kh7 23. Bb3 Nf5 24. Rad1 Nd6 25. Bd5 Rc7 26. a4 Re7 27. b5 e4 28. Qb3 d3 29. Be3 Bd4 30. a5 Qc5 31. a6 b6 32. Bxd4 Qxd4 33. Rf1 d2 34. Bc6 Nc4 35. Qh3 Nb2 36. Qh4 Rxe6 37. Qg3 Ref6 38. Bxe4 Nxd1 39. Qc7+ R8f7 40. Bxg6+ Kxg6 0-1

[Event "FRA-chT2 East 0708"]
[Site "France"]
[Date "2007.12.16"]
[Round "4.7"]
[White "Billon, Olivier"]
[Black "Berring, Alain"]
[Result "1-0"]
[WhiteElo "1928"]
[BlackElo "2037"]
[PlyCount "79"]
[EventDate "2007.10.21"]
[EventType "team"]
[EventRounds "11"]
[EventCountry "FRA"]
[SourceTitle "EXT 2009"]
[Source "ChessBase"]
[SourceDate "2008.11.26"]
[SourceVersion "1"]
[SourceVersionDate "2008.11.26"]
[SourceQuality "1"]
[WhiteTeam "Reims"]
[BlackTeam "Saverne"]
[WhiteTeamCountry "FRA"]
[BlackTeamCountry "FRA"]

1. e4 c5 2. Nf3 e6 3. d4 cxd4 4. Nxd4 a6 5. Nc3 Qc7 6. Bd3 Nf6 7. 0-0 Bc5 8. Be3 d6 9. Qf3 Nbd7 10. Qg3 g6 11. Kh1 Nh5 12. Qh4 Nhf6 13. f4 b5 14. e5 b4 15. exf6 bxc3 16. bxc3 Bb7 17. Nxe6 Bxg2+ 18. Kxg2 Qc6+ 19. Kf2 Bxe3+ 20. Kxe3 fxe6 21. Bxg6+ Kd8 22. Kd2 Qg2+ 23. Rf2 Qxg6 24. f7+ Qf6 25. Qh5 Ke7 26. f5 e5 27. Rg1 Qxf7 28. f6+ Ke8 29. Qf5 Rf8 30. Rg7 Qd5+ 31. Kc1 Qh1+ 32. Rf1 Qc6 33. Qe6+ Kd8 34. Rxh7 Kc7 35. Rg1 Rae8 36. Re7 Rxe7 37. fxe7 Re8 38. Rg8 Nc5 39. Qf7 Rxg8 40. e8Q+ 1-0

[Event "Le Touquet op 22nd"]
[Site "Le Touquet"]
[Date "2007.10.29"]
[Round "3"]
[White "Klipper, Noemie"]
[Black "Billon, Olivier"]
[Result "1-0"]
[WhiteElo "1840"]
[BlackElo "1928"]
[PlyCount "31"]
[EventDate "2007.10.27"]
[EventType "swiss"]
[EventRounds "9"]
[EventCountry "FRA"]
[SourceTitle "EXT 2008"]
[Source "ChessBase"]
[SourceDate "2007.11.25"]
[SourceVersion "1"]
[SourceVersionDate "2007.11.25"]
[SourceQuality "1"]

1. c4 g6 2. d4 Bg7 3. e4 d6 4. Nf3 Nf6 5. Nc3 0-0 6. Be2 e5 7. dxe5 dxe5 8. Qxd8 Rxd8 9. Bg5 Nbd7 10. 0-0-0 Rf8 11. b4 a5 12. a3 axb4 13. axb4 Ra3 14. Kb2 Rxc3 15. Nd2 Ne8 16. Be7 1-0

[Event "FRA-ch op-B"]
[Site "Aix les Bains"]
[Date "2007.08.25"]
[Round "11"]
[White "Billon, Olivier"]
[Black "Charbonnel, Jean Jacques"]
[Result "1-0"]
[WhiteElo "1871"]
[BlackElo "1938"]
[PlyCount "55"]
[EventDate "2007.08.13"]
[EventType "swiss"]
[EventRounds "11"]
[EventCountry "FRA"]
[SourceTitle "CBM 120 Extra"]
[Source "ChessBase"]
[SourceDate "2007.11.01"]
[SourceVersion "1"]
[SourceVersionDate "2007.11.01"]
[SourceQuality "1"]

1. e4 c5 2. Nf3 Nc6 3. d4 cxd4 4. Nxd4 g6 5. Be3 Bg7 6. Nc3 Nf6 7. f3 0-0 8. Bc4 Qb6 9. Bb3 Nxe4 10. fxe4 Bxd4 11. Bxd4 Qxd4 12. Qf3 e6 13. h4 f5 14. Rf1 b6 15. Rd1 Qe5 16. Qf2 d5 17. Nxd5 Ba6 18. Rh1 Qxe4+ 19. Qe3 Qxe3+ 20. Nxe3 Kg7 21. Rd6 Nd8 22. Kf2 Kf6 23. Re1 Re8 24. Nd5+ Kg7 25. Rd7+ Nf7 26. Nc7 Bc8 27. Nxe8+ Kf8 28. Nc7 1-0

[Event "FRA-ch U14"]
[Site "Le Grand Bornand"]
[Date "2007.04.14"]
[Round "8"]
[White "Billon, Olivier"]
[Black "Langlois, Xavier"]
[Result "0-1"]
[WhiteElo "1883"]
[BlackElo "1830"]
[PlyCount "78"]
[EventDate "2007.04.07"]
[EventType "swiss"]
[EventRounds "9"]
[EventCountry "FRA"]
[SourceTitle "CBM 118 Extra"]
[Source "ChessBase"]
[SourceDate "2007.07.04"]
[SourceVersion "1"]
[SourceVersionDate "2007.07.04"]
[SourceQuality "1"]

1. e4 c5 2. Nf3 e6 3. d4 cxd4 4. Nxd4 Nc6 5. Nc3 Qc7 6. Be3 Nf6 7. Bd3 a6 8. 0-0 Be7 9. f4 d6 10. h3 b5 11. Qe2 Bb7 12. Qf3 h5 13. a4 b4 14. Nce2 h4 15. Rac1 d5 16. e5 Nd7 17. Qg4 0-0-0 18. Qxg7 Rdf8 19. Nxc6 Bxc6 20. Nd4 Bb7 21. Nxe6 fxe6 22. Qxe7 d4 23. Bd2 Rhg8 24. Rf2 Qc6 25. Bf1 Nxe5 26. Qxb4 a5 27. Qxd4 Nf3+ 28. Rxf3 Qxf3 29. Qc3+ Qxc3 30. bxc3 Rg7 31. Re1 Rfg8 32. Re2 Rg3 33. Kh2 Ba6 34. Be1 Bxe2 35. Bxg3 hxg3+ 36. Kg1 Bxf1 37. Kxf1 Rf8 38. Ke2 Rxf4 39. Ke3 Rf2 0-1